[Event "44th Pan-American U20"]
[Site "Cochabamba BOL"]
[Date "2019.08.04"]
[Round "6.6"]
[White "Delgado Romero, Marco"]
[Black "Santiago Vilca, Christian Amilca"]
[Result "0-1"]
[WhiteElo "2236"]
[BlackElo "2256"]
[EventDate "2019.08.01"]
[PlyCount "103"]

1.d4 Nf6 2.c4 g6 3.Nc3 Bg7 4.e4 d6 5.h3 O-O 6.Be3 c5 7.Nf3 cxd4 8.Nxd4 Nc6
9.Be2 Bd7 10.O-O Nxd4 11.Bxd4 Bc6 12.Qc2 a5 13.Rad1 Nd7 14.Bxg7 Kxg7 15.
Bg4 Nf6 16.c5 Nxg4 17.hxg4 Qc8 18.cxd6 Qxg4 19.dxe7 Rfe8 20.Nd5 Bxd5 21.
Rxd5 Rxe7 22.Qc3+ Kg8 23.f3 Qf4 24.Rxa5 Rxa5 25.Qxa5 Qe3+ 26.Kh2 Rd7 27.
Qe1 Qf4+ 28.Kg1 Rd3 29.g3 Qe5 30.b3 Qd4+ 31.Kg2 h5 32.Rf2 Rd1 33.Qe2 Qa1 
34.f4 h4 35.gxh4 Rg1+ 36.Kh2 Rh1+ 37.Kg3 Re1 38.Qf3 Qd4 39.Re2 Rd1 40.Qf2 
Qd8 41.e5 Rh1 42.Kg4 Qd7+ 43.f5 gxf5+ 44.Kg3 Rd1 45.Qf4 Rd4 46.Qg5+ Kh7 
47.Qh5+ Kg7 48.Qg5+ Kh7 49.Kh3 Rg4 50.Rd2 Qc8 51.Qd8 Qc3+ 52.Qd3 0-1

[Event "44th Pan-American U20"]
[Site "Cochabamba BOL"]
[Date "2019.08.04"]
[Round "6.7"]
[White "Donoso Diaz, Sebastian"]
[Black "Zhang, Derek"]
[Result "1/2-1/2"]
[WhiteElo "2309"]
[BlackElo "2147"]
[EventDate "2019.08.01"]
[PlyCount "50"]

1.Nf3 d6 2.d4 f5 3.c4 g6 4.Nc3 Nf6 5.g3 Bg7 6.Bg2 O-O 7.O-O c6 8.b3 Qc7 9.
Ba3 a5 10.Rc1 Na6 11.Bb2 Bd7 12.e3 Rfe8 13.Qe2 e5 14.dxe5 dxe5 15.Rfd1 e4 
16.Ng5 Nb4 17.c5 Nd3 18.Rxd3 exd3 19.Qxd3 Be6 20.Nxe6 Rxe6 21.Ne2 Re7 22.
Nd4 Rc8 23.a3 Ne4 24.b4 axb4 25.axb4 Ng5 1/2-1/2

[Event "44th Pan-American U20"]
[Site "Cochabamba BOL"]
[Date "2019.08.04"]
[Round "6.8"]
[White "Benitez Galeano, Alejandro"]
[Black "Tello Chavez, Isaac Valent"]
[Result "1-0"]
[WhiteElo "2111"]
[BlackElo "2271"]
[EventDate "2019.08.01"]
[PlyCount "140"]

1.Nf3 d5 2.g3 Nf6 3.Bg2 c6 4.O-O Bg4 5.c4 e6 6.cxd5 exd5 7.d3 Nbd7 8.h3 
Bxf3 9.Bxf3 Bc5 10.Bg2 O-O 11.Nc3 Re8 12.Rb1 a5 13.Qc2 d4 14.Ne4 Be7 15.
Re1 h6 16.b3 Bb4 17.Nd2 Bc3 18.e4 dxe3 19.Qxc3 exd2 20.Bxd2 Rxe1+ 21.Rxe1 
Nb6 22.a3 Qd6 23.Bf4 Qxa3 24.Ra1 Qf8 25.Rxa5 Nbd5 26.Rxa8 Qxa8 27.Qe5 Nxf4
28.Qxf4 Qd8 29.Qc4 Ne8 30.d4 Qe7 31.Kh2 Nd6 32.Qc5 Nc8 33.b4 Kf8 34.b5 
Qxc5 35.dxc5 cxb5 36.Bxb7 Ne7 37.Kg2 Ke8 38.Kf3 Kd7 39.Ke3 Nc6 40.Ba6 b4 
41.Bc4 f6 42.Bd5 Na5 43.Kd4 Kc7 44.h4 Nc6+ 45.Ke4 Ne7 46.Bf7 Nc6 47.h5 Nd8
48.Bd5 Nb7 49.Kf5 Nxc5 50.Kg6 Kd6 51.Ba2 b3 52.Bb1 Ne6 53.f4 f5 54.Bxf5 
Ke7 55.Bb1 Kf8 56.f5 Ng5 57.f6 gxf6 58.Kxh6 Kf7 59.Bg6+ Kf8 60.Bd3 b2 61.
Kg6 Ke7 62.h6 Ke6 63.h7 Nxh7 64.Kxh7 Ke5 65.Kg6 Kd4 66.Bb1 Ke3 67.Kh5 Kf3 
68.Kh4 Kg2 69.Be4+ Kh2 70.Kg4 Kg1 1-0

[Event "44th Pan-American U20"]
[Site "Cochabamba BOL"]
[Date "2019.08.04"]
[Round "6.9"]
[White "Castellanos Villela, Alejandro"]
[Black "Bolanos, Fernando"]
[Result "0-1"]
[WhiteElo "1985"]
[BlackElo "2247"]
[EventDate "2019.08.01"]
[PlyCount "108"]

1.e4 c5 2.Nc3 Nc6 3.Nge2 g6 4.g3 Bg7 5.Bg2 d6 6.d3 e6 7.Be3 Nge7 8.Qd2 Nd4
9.O-O O-O 10.Rab1 Nec6 11.a3 b6 12.b4 Bb7 13.Nc1 Qf6 14.f4 Nf3+ 15.Bxf3 
Qxc3 16.Qxc3 Bxc3 17.bxc5 dxc5 18.Bxc5 Bd4+ 19.Bxd4 Nxd4 20.Bd1 Rac8 21.
Rf2 Rc3 22.Rb4 Rxa3 23.Rxd4 Ra1 24.Nb3 Rxd1+ 25.Rf1 Rxf1+ 26.Kxf1 Bc6 27.
Ke1 Rc8 28.Rc4 Bd7 29.Rxc8+ Bxc8 30.e5 h6 31.Nd2 Kg7 32.Ne4 Bb7 33.Nd6 Bc6
34.Nc8 a5 35.Nxb6 g5 36.f5 exf5 37.d4 a4 38.Kd2 f4 39.gxf4 a3 40.Kc1 gxf4 
41.Nc4 f3 42.Ne3 f2 43.c4 Bg2 44.c5 f1=Q+ 45.Nxf1 Bxf1 46.Kc2 f6 47.exf6+ 
Kxf6 48.c6 Ke6 49.c7 Kd7 50.Kb3 Kxc7 51.Kxa3 Kd6 52.Kb3 Kd5 53.Kc3 Ba6 54.
Kd2 Kxd4 0-1

[Event "44th Pan-American U20"]
[Site "Cochabamba BOL"]
[Date "2019.08.04"]
[Round "6.11"]
[White "Vera, Pavel"]
[Black "Rengifo Blancas, Renzo Jhonathan"]
[Result "0-1"]
[WhiteElo "2173"]
[BlackElo "2194"]
[EventDate "2019.08.01"]
[PlyCount "84"]

1.e4 e5 2.Nf3 Nc6 3.Bc4 Bc5 4.c3 Nf6 5.d3 a6 6.a4 O-O 7.O-O h6 8.b4 Bb6 9.
Re1 d6 10.Nbd2 d5 11.exd5 Nxd5 12.Ne4 Be6 13.Qc2 Re8 14.Bd2 f6 15.h3 Kh8 
16.Ng3 Qd7 17.Ba2 Nf4 18.Bxf4 exf4 19.Bxe6 Rxe6 20.Rxe6 Qxe6 21.Re1 Ne5 
22.Nxe5 fxe5 23.Nf1 f3 24.d4 fxg2 25.Ng3 Qc4 26.dxe5 Rf8 27.Ne4 Qe6 28.
Kxg2 Qxe5 29.Re2 Qf5 30.Ng3 Qf3+ 31.Kh2 Bxf2 32.Nh1 Be3 33.Qd1 Qf4+ 34.Ng3
Bf2 35.Qd3 Qc1 36.h4 Qf4 37.Kh3 Qf3 38.Qxf3 Rxf3 39.Kg2 Rxg3+ 40.Kxf2 Rxc3
41.Re8+ Kh7 42.Rd8 b6 0-1

[Event "44th Pan-American U20"]
[Site "Cochabamba BOL"]
[Date "2019.08.04"]
[Round "6.12"]
[White "Mollo, Jhoan"]
[Black "Pinto, Daniel"]
[Result "1/2-1/2"]
[WhiteElo "2023"]
[BlackElo "2257"]
[EventDate "2019.08.01"]
[PlyCount "76"]

1.e4 e5 2.Nf3 Nc6 3.Bb5 Nf6 4.O-O Nxe4 5.d4 Nd6 6.Bxc6 dxc6 7.dxe5 Nf5 8.
Qxd8+ Kxd8 9.Rd1+ Ke8 10.Nc3 h6 11.b3 Be6 12.Bb2 a5 13.g4 Ne7 14.h3 Ng6 
15.Ne2 h5 16.Ng5 Bc5 17.Bd4 Bxd4 18.Nxd4 hxg4 19.Ndxe6 fxe6 20.Nxe6 Ke7 
21.Nc5 Nxe5 22.hxg4 Rh4 23.Nxb7 Re8 24.Re1 Kf6 25.Re3 Reh8 26.Rae1 Nxg4 
27.Re8 R8h5 28.Kf1 Rb5 29.Nd8 Ne5 30.c4 Rh1+ 31.Ke2 Rxe1+ 32.Kxe1 Rb6 33.
Re6+ Kf5 34.Re7 a4 35.Rxg7 Rb8 36.Nxc6 Nxc6 37.Rxc7 axb3 38.axb3 Nb4 
1/2-1/2

[Event "44th Pan-American U20"]
[Site "Cochabamba BOL"]
[Date "2019.08.04"]
[Round "6.13"]
[White "Aguilar, Luis Miguel"]
[Black "Mendoza Criollo, Carlos David"]
[Result "0-1"]
[WhiteElo "2204"]
[BlackElo "2103"]
[EventDate "2019.08.01"]
[PlyCount "66"]

1.g3 g6 2.Bg2 Bg7 3.c4 d6 4.Nc3 Nc6 5.d3 e5 6.Rb1 f5 7.Nh3 Nf6 8.f4 O-O 9.
O-O Re8 10.b4 exf4 11.Bxf4 Ng4 12.Nd5 Nd4 13.Bg5 Qd7 14.e4 c6 15.exf5 Ne2+
16.Kh1 gxf5 17.Re1 Nc3 18.Rxe8+ Qxe8 19.Nxc3 Bxc3 20.Qb3 Bd4 21.Bf4 Qe6 
22.Rf1 h6 23.Bd2 Qe2 24.Bf4 Bd7 25.Bxd6 Re8 26.Nf4 Nf2+ 27.Kg1 Qe3 28.h4 
Ne4+ 29.Kh2 Qxg3+ 30.Kh1 Nf2+ 31.Rxf2 Re1+ 32.Bf1 Qxf2 33.c5+ Be6 0-1

[Event "44th Pan-American U20"]
[Site "Cochabamba BOL"]
[Date "2019.08.04"]
[Round "6.14"]
[White "Caballero Quijano, Mitzy Mishell"]
[Black "Flores Quillas, Diego Saul Rodri"]
[Result "1/2-1/2"]
[WhiteElo "2059"]
[BlackElo "2163"]
[EventDate "2019.08.01"]
[PlyCount "37"]

1.d4 Nf6 2.Nf3 c5 3.d5 e6 4.Nc3 exd5 5.Nxd5 Nxd5 6.Qxd5 Be7 7.e4 O-O 8.Bc4
Nc6 9.O-O d6 10.c3 Na5 11.Qd3 Nxc4 12.Qxc4 Be6 13.Qe2 d5 14.Rd1 Qd6 15.Bg5
Bxg5 16.Nxg5 Qe5 17.Qe3 dxe4 18.f4 Qf5 19.Nxe4 1/2-1/2

[Event "44th Pan-American U20"]
[Site "Cochabamba BOL"]
[Date "2019.08.04"]
[Round "6.15"]
[White "Medrano, Sebastian"]
[Black "Torrico, Alexis"]
[Result "1-0"]
[WhiteElo "2086"]
[BlackElo "1847"]
[EventDate "2019.08.01"]
[PlyCount "47"]

1.d4 d6 2.c4 e5 3.Nf3 e4 4.Ng5 f5 5.Nc3 Be7 6.Nh3 Nf6 7.g3 c6 8.Bg2 O-O 9.
O-O d5 10.cxd5 cxd5 11.Bg5 Nc6 12.Nf4 Qa5 13.e3 Rd8 14.a3 Ne8 15.b4 Qa6 
16.Qh5 Bxg5 17.Qxg5 Nf6 18.b5 Qa5 19.bxc6 Qxc3 20.Nh5 Nxh5 21.Qxd8+ Kf7 
22.Qc7+ Kf8 23.cxb7 Qxc7 24.bxa8=Q 1-0

[Event "44th Pan-American U20"]
[Site "Cochabamba BOL"]
[Date "2019.08.04"]
[Round "6.16"]
[White "Davila Blanco, Juan Jose"]
[Black "Huanca, Edson"]
[Result "0-1"]
[WhiteElo "2052"]
[BlackElo "1948"]
[EventDate "2019.08.01"]
[PlyCount "42"]

1.d4 Nf6 2.Nf3 e6 3.e3 d5 4.Bd3 Nbd7 5.O-O c6 6.Nbd2 Bd6 7.c4 O-O 8.b3 e5 
9.dxe5 Nxe5 10.Be2 Re8 11.Bb2 Qc7 12.h3 Bd7 13.Kh1 Qc8 14.cxd5 Bxh3 15.Ng5
Bg4 16.Bxg4 Nexg4 17.dxc6 Qxc6 18.Bxf6 Nxf6 19.Nc4 Bc7 20.Qf3 h6 21.Nh3 
Ne4 0-1

[Event "44th Pan-American U20"]
[Site "Cochabamba BOL"]
[Date "2019.08.04"]
[Round "6.17"]
[White "Guerrero Cataldo, Juan Andres"]
[Black "Montevilla Cahuasa, Jonathan I"]
[Result "1-0"]
[WhiteElo "2035"]
[BlackElo "1231"]
[EventDate "2019.08.01"]
[PlyCount "53"]

1.d4 d5 2.c4 c6 3.Nc3 Nf6 4.Nf3 e6 5.g3 dxc4 6.a4 Bd6 7.Bg2 O-O 8.O-O Nbd7
9.e4 Bb4 10.Nd2 c5 11.Nxc4 cxd4 12.Qxd4 Nb6 13.Qxd8 Rxd8 14.Nxb6 axb6 15.
Be3 Bxc3 16.bxc3 Bd7 17.Bxb6 Rdc8 18.a5 Rxc3 19.f3 Rac8 20.Rfd1 Bb5 21.Bd4
Rb3 22.Rac1 Rd8 23.f4 h6 24.Bb6 Rxd1+ 25.Rxd1 Nd7 26.Bd8 Kf8 27.f5 1-0

[Event "44th Pan-American U20"]
[Site "Cochabamba BOL"]
[Date "2019.08.04"]
[Round "6.18"]
[White "Cari, Nicolas"]
[Black "Villazon Zeballos, Manuel"]
[Result "1-0"]
[WhiteElo "1788"]
[BlackElo "1378"]
[EventDate "2019.08.01"]
[PlyCount "81"]

1.d4 Nf6 2.c4 c5 3.d5 b5 4.cxb5 a6 5.bxa6 g6 6.Nc3 Bg7 7.e4 d6 8.Bb5+ Bd7 
9.Bxd7+ Nfxd7 10.f4 O-O 11.Nf3 Nxa6 12.O-O Qb6 13.Re1 c4+ 14.Be3 Qxb2 15.
Bd4 Bxd4+ 16.Qxd4 Qb6 17.e5 Nb4 18.Qxb6 Nxb6 19.Red1 Nd3 20.g3 Ra5 21.exd6
exd6 22.Nd2 Rc8 23.Nde4 Rd8 24.Rab1 Na4 25.Rd2 Nxc3 26.Nxc3 Rda8 27.Kf1 
Ra3 28.Rc2 Kg7 29.Ke2 R8a7 30.Ke3 f5 31.Kd4 Kf6 32.Kxc4 Nc5 33.Nb5 Rxa2 
34.Rxa2 Rxa2 35.Nxd6 Rc2+ 36.Kb5 Nd7 37.Nc4 Re2 38.Kc6 Rc2 39.Kxd7 Rxc4 
40.Rd1 Kf7 41.d6 1-0

[Event "44th Pan-American U20"]
[Site "Cochabamba BOL"]
[Date "2019.08.04"]
[Round "6.19"]
[White "Tapia Espada, Antonio Enrique"]
[Black "Inaicheo Santana, Edward"]
[Result "0-1"]
[WhiteElo "1506"]
[BlackElo "1635"]
[EventDate "2019.08.01"]
[PlyCount "50"]

1.d4 Nf6 2.c4 e6 3.Nc3 Bb4 4.a3 Bxc3+ 5.bxc3 b6 6.e3 O-O 7.Bd3 Bb7 8.Nf3 
d6 9.O-O Ne4 10.Qc2 f5 11.Nd2 Qh4 12.g3 Ng5 13.d5 Qh5 14.h4 Nf7 15.dxe6 
Ne5 16.f4 Nxd3 17.Qxd3 Na6 18.c5 Nxc5 19.Qc4 Rf6 20.Bb2 Rg6 21.Kf2 Ba6 22.
Qd5 Qe2+ 23.Kg1 Rxg3+ 24.Kh1 Rh3+ 25.Kg1 Qh2# 0-1

[Event "44th Pan-American U20"]
[Site "Cochabamba BOL"]
[Date "2019.08.04"]
[Round "6.20"]
[White "Ccerhuayo Escobedo, Mels Leopold"]
[Black "Barja Viveros, Matias Ariel"]
[Result "1/2-1/2"]
[WhiteElo "1820"]
[BlackElo "1544"]
[EventDate "2019.08.01"]
[PlyCount "35"]

1.d4 d5 2.Nf3 Nf6 3.c4 e6 4.Nc3 Be7 5.Bg5 O-O 6.e3 a6 7.cxd5 exd5 8.Bd3 b6
9.h4 Bb7 10.Bxf6 Bxf6 11.Bxh7+ Kxh7 12.Ng5+ Kg8 13.Qh5 Re8 14.Qxf7+ Kh8 
15.Ne2 Nd7 16.Qh5+ Kg8 17.Qf7+ Kh8 18.Qh5+ 1/2-1/2

[Event "44th Pan-American U20"]
[Site "Cochabamba BOL"]
[Date "2019.08.04"]
[Round "6.21"]
[White "Santiago Vilca, Lito Gustavo"]
[Black "Zambrana Estrada, Breyner Andre"]
[Result "1-0"]
[WhiteElo "1818"]
[BlackElo "1426"]
[EventDate "2019.08.01"]
[PlyCount "62"]

1.d4 Nf6 2.Nf3 g6 3.g3 Bg7 4.Bg2 d6 5.O-O Nbd7 6.c4 O-O 7.Nc3 c5 8.d5 Nb6 
9.Qd3 Bf5 10.e4 Bg4 11.e5 Nfd7 12.exd6 exd6 13.Bg5 Nf6 14.Nd2 h6 15.Be3 
Bf5 16.Qe2 Re8 17.h3 a6 18.Rfe1 Qc7 19.Rac1 Rad8 20.a3 Nc8 21.Qf1 b6 22.b4
Kh7 23.Kh1 Na7 24.g4 Bd7 25.Nde4 Nxe4 26.Nxe4 f5 27.gxf5 Bxf5 28.Bf4 Bxe4 
29.Rxe4 Rxe4 30.Bxe4 Rf8 31.Be3 Qd7 1-0

[Event "44th Pan-American U20"]
[Site "Cochabamba BOL"]
[Date "2019.08.04"]
[Round "6.22"]
[White "Montevilla C., Elias Alejandro"]
[Black "Ticona Rocabado, Licael Roderick"]
[Result "0-1"]
[WhiteElo "1326"]
[BlackElo "1693"]
[EventDate "2019.08.01"]
[PlyCount "34"]

1.e4 c5 2.Nc3 e6 3.g3 d5 4.d3 d4 5.Nce2 e5 6.Bg2 Nf6 7.f4 Nc6 8.Nf3 Bd6 9.
O-O O-O 10.f5 b5 11.b3 Ba6 12.Nd2 c4 13.a3 cxd3 14.cxd3 Rc8 15.b4 Bb7 16.
h3 a5 17.bxa5 Nxa5 0-1

[Event "44th Pan-American U20"]
[Site "Cochabamba BOL"]
[Date "2019.08.05"]
[Round "7.1"]
[White "Wang, Annie"]
[Black "Acosta, Pablo Ismael"]
[Result "1/2-1/2"]
[WhiteElo "2321"]
[BlackElo "2440"]
[EventDate "2019.08.01"]
[PlyCount "86"]

1.d4 d5 2.c4 c6 3.Nc3 Nf6 4.Nf3 e6 5.e3 Nbd7 6.Qc2 Bd6 7.b3 O-O 8.Be2 e5 
9.cxd5 cxd5 10.Nb5 Bb8 11.dxe5 Nxe5 12.O-O Bg4 13.Nbd4 Qc8 14.Qxc8 Rxc8 
15.Ba3 Nxf3+ 16.gxf3 Be6 17.Rac1 Be5 18.Nb5 Ne8 19.f4 Bf6 20.Bf3 a6 21.Nd6
Rxc1 22.Rxc1 Be7 23.Nc4 Bxa3 24.Nxa3 Rd8 25.Rd1 f5 26.Nc2 Kf7 27.Nd4 Ke7 
28.Rc1 Kd6 29.b4 g6 30.Rc5 Nf6 31.Bd1 Bd7 32.f3 b6 33.Rc3 a5 34.bxa5 bxa5 
35.Ra3 Ra8 36.Rb3 Ne8 37.Nb5+ Bxb5 38.Rxb5 Nc7 39.Rb2 Rc8 40.Ba4 Na8 41.
Kf2 Rc1 42.Rb5 Rc5 43.Rb1 Nc7 1/2-1/2

[Event "44th Pan-American U20"]
[Site "Cochabamba BOL"]
[Date "2019.08.05"]
[Round "7.2"]
[White "Coro, Lucas"]
[Black "Cardoso Cardoso, Jose Gabriel"]
[Result "0-1"]
[WhiteElo "2320"]
[BlackElo "2373"]
[EventDate "2019.08.01"]
[PlyCount "80"]

1.e4 c5 2.Nf3 d6 3.Bb5+ Nd7 4.a4 Nf6 5.Nc3 g6 6.O-O Bg7 7.Re1 O-O 8.d4 
cxd4 9.Nxd4 Nc5 10.Bg5 Ne6 11.Nxe6 Bxe6 12.Nd5 Bxd5 13.exd5 Rc8 14.Bf1 Rc5
15.c4 a5 16.Qb3 Rc7 17.Bd2 Rc8 18.Qxb7 Nd7 19.Qb5 Ra8 20.c5 Nxc5 21.Rab1 
Bf6 22.b3 Qc7 23.Qe2 Rfc8 24.Rec1 Qb7 25.Qf3 Nd7 26.Bb5 Ne5 27.Qe4 e6 28.
Bc6 Nxc6 29.dxc6 Qe7 30.Rc2 d5 31.Qd3 Rc7 32.Qb5 Rca7 33.b4 axb4 34.Bxb4 
Qc7 35.Bc5 Rxa4 36.Qb7 Ra1 37.Rcc1 Rxb1 38.Rxb1 Qc8 39.Qxc8+ Rxc8 40.c7 
Be5 0-1

[Event "44th Pan-American U20"]
[Site "Cochabamba BOL"]
[Date "2019.08.05"]
[Round "7.3"]
[White "Varacalli, Francisco"]
[Black "Asaria, Danial"]
[Result "1-0"]
[WhiteElo "2306"]
[BlackElo "2305"]
[EventDate "2019.08.01"]
[PlyCount "68"]

1.e4 c5 2.Nf3 d6 3.d4 cxd4 4.Nxd4 Nf6 5.Nc3 a6 6.f4 e5 7.Nf3 Nbd7 8.a4 Be7
9.Bd3 O-O 10.O-O exf4 11.Bxf4 Qb6+ 12.Kh1 Qxb2 13.Nd5 Nxd5 14.exd5 Nc5 15.
Rb1 Qa2 16.Ra1 Qb2 17.Rb1 Qa3 18.Bxh7+ Kxh7 19.Qe2 Bf6 20.Bxd6 Kg8 21.Qf2 
Rd8 22.Bxc5 Qxa4 23.Rb4 Qa2 24.Rf4 Qxd5 25.Rxf6 gxf6 26.Qg3+ Kh7 27.Qh4+ 
Kg8 28.Be7 Rd6 29.Qg3+ Kh7 30.Bxd6 Bf5 31.Qh4+ Kg6 32.Nd4 Qxd6 33.Nxf5 Qd2
34.Ne7+ Kg7 1-0

[Event "44th Pan-American U20"]
[Site "Cochabamba BOL"]
[Date "2019.08.05"]
[Round "7.4"]
[White "Lu, Maximillian"]
[Black "Munoz, Francisco Javier"]
[Result "1-0"]
[WhiteElo "2283"]
[BlackElo "2282"]
[EventDate "2019.08.01"]
[PlyCount "65"]

1.c4 c6 2.e4 d5 3.exd5 cxd5 4.d4 Nf6 5.Nc3 g6 6.cxd5 Bg7 7.Qb3 O-O 8.Be2 
Nbd7 9.Bf3 Nb6 10.Nge2 Bg4 11.Bxg4 Nxg4 12.a4 Qc8 13.O-O Qc4 14.Ra3 Qa6 
15.a5 Nc4 16.Ra4 Nd6 17.Bf4 Rac8 18.Re1 Rfd8 19.Ng3 Nc4 20.h3 Nxf2 21.Kxf2
Bxd4+ 22.Kf3 e5 23.dxe6 fxe6 24.Re4 g5 25.Bxg5 Rf8+ 26.Kg4 e5 27.Qb5 Qe6+ 
28.Kh4 Rc5 29.Qxb7 Nd6 30.Qe7 Nf5+ 31.Nxf5 Qxf5 32.Rg4 Rxc3 33.Bf6+ 1-0

[Event "44th Pan-American U20"]
[Site "Cochabamba BOL"]
[Date "2019.08.05"]
[Round "7.5"]
[White "Santiago Vilca, Christian Amilca"]
[Black "Benitez Galeano, Alejandro"]
[Result "1/2-1/2"]
[WhiteElo "2256"]
[BlackElo "2111"]
[EventDate "2019.08.01"]
[PlyCount "91"]

1.d4 d5 2.c4 dxc4 3.e3 e5 4.Bxc4 Nc6 5.Nf3 e4 6.Nfd2 Qg5 7.Nxe4 Qxg2 8.Ng3
Nf6 9.Bf1 Qd5 10.Nc3 Bb4 11.f3 O-O 12.Kf2 Qd8 13.Bg2 Re8 14.Nce2 Be6 15.e4
Qe7 16.Qc2 Rad8 17.Rd1 Bc8 18.Kf1 Ba5 19.Bf4 Bb6 20.Qc3 h6 21.Rac1 g5 22.
Be3 Nb4 23.Qa3 Nbd5 24.Bf2 Qxa3 25.bxa3 Ne7 26.Nc3 c6 27.Nge2 Ng6 28.Na4 
Bc7 29.Bg3 Re7 30.Kf2 h5 31.Rc5 g4 32.Bxc7 Rxc7 33.f4 Nh4 34.Rg5+ Kf8 35.
e5 Nd5 36.Be4 f5 37.Rxh5 fxe4 38.Rxh4 Rf7 39.Nc5 Nxf4 40.Nxf4 Rxf4+ 41.Ke2
b6 42.Rh8+ Ke7 43.Rh7+ Ke8 44.Rh8+ Ke7 45.Rh7+ Ke8 46.Rh8+ 1/2-1/2

[Event "44th Pan-American U20"]
[Site "Cochabamba BOL"]
[Date "2019.08.05"]
[Round "7.6"]
[White "Bolanos, Fernando"]
[Black "Rengifo Blancas, Renzo Jhonathan"]
[Result "1-0"]
[WhiteElo "2247"]
[BlackElo "2194"]
[EventDate "2019.08.01"]
[PlyCount "99"]

1.e4 e5 2.Nf3 Nc6 3.Bb5 a6 4.Ba4 Nf6 5.d3 d6 6.c3 g6 7.O-O Bg7 8.Nbd2 O-O 
9.Re1 b5 10.Bb3 Na5 11.Bc2 c5 12.Nf1 Bb7 13.Bg5 h6 14.Bh4 Qd7 15.Qd2 Nh5 
16.b4 cxb4 17.cxb4 Nc6 18.Ne3 Nf4 19.Rac1 Nd4 20.Nxd4 exd4 21.Nf1 g5 22.
Bg3 Be5 23.Bb3 Rac8 24.Rxc8 Rxc8 25.Bxf4 Bxf4 26.Qe2 Re8 27.Qh5 Kg7 28.Ng3
Bxg3 29.fxg3 d5 30.Rf1 Qe6 31.h4 f6 32.Kh2 Re7 33.Rf5 Qd6 34.Bxd5 Bxd5 35.
Rxd5 Qxb4 36.Qg4 Qd2 37.Rxd4 Qxa2 38.Rd5 b4 39.Qf5 Qe2 40.Rd6 Rf7 41.d4 
Qh5 42.Rxa6 Qg6 43.Rb6 Qxf5 44.exf5 g4 45.Rxb4 Ra7 46.d5 h5 47.Rd4 Rd7 48.
Kg1 Kf7 49.Kf2 Ke7 50.Ke3 1-0

[Event "44th Pan-American U20"]
[Site "Cochabamba BOL"]
[Date "2019.08.05"]
[Round "7.7"]
[White "Titichoca Daza, Daniel"]
[Black "Donoso Diaz, Sebastian"]
[Result "0-1"]
[WhiteElo "2143"]
[BlackElo "2309"]
[EventDate "2019.08.01"]
[PlyCount "32"]

1.e4 c5 2.Nf3 e6 3.d4 cxd4 4.Nxd4 a6 5.Nc3 b5 6.a3 Bb7 7.Be3 Nf6 8.Bd3 d6 
9.f4 Nbd7 10.O-O Nc5 11.Qf3 Be7 12.b4 Nxd3 13.cxd3 Rc8 14.Rac1 Qd7 15.Nb3 
O-O 16.Na5 Ba8 0-1

[Event "44th Pan-American U20"]
[Site "Cochabamba BOL"]
[Date "2019.08.05"]
[Round "7.8"]
[White "Vivas Zamora, Fabian Ernesto"]
[Black "Zhang, Derek"]
[Result "1-0"]
[WhiteElo "2348"]
[BlackElo "2147"]
[EventDate "2019.08.01"]
[PlyCount "85"]

1.e4 e6 2.d4 d5 3.Nd2 Nf6 4.e5 Nfd7 5.Ngf3 c5 6.c3 Nc6 7.Bd3 Be7 8.O-O g5 
9.dxc5 g4 10.Nd4 Ndxe5 11.Bb5 Bd7 12.Bxc6 bxc6 13.f4 Ng6 14.f5 exf5 15.
N2b3 f4 16.Bxf4 Nxf4 17.Rxf4 Bg5 18.Rxg4 Qe7 19.Rg3 Bf4 20.Rf3 Bg4 21.Nxc6
Bxf3 22.Qxf3 Qe3+ 23.Qxe3+ Bxe3+ 24.Kf1 Kd7 25.Nb4 Bf4 26.g3 Be5 27.Rd1 
Ke6 28.c6 d4 29.Nc5+ Kd6 30.cxd4 a5 31.Ne4+ Ke6 32.Nc2 Rhd8 33.Ng5+ Kf6 
34.h4 Kg6 35.Ke2 h6 36.Ne4 f5 37.Nc5 Bxg3 38.Rg1 f4 39.Ne6 Rd6 40.Nxf4+ 
Kf5 41.Nh5 Bxh4 42.Ne3+ Ke6 43.Rg6+ 1-0

[Event "44th Pan-American U20"]
[Site "Cochabamba BOL"]
[Date "2019.08.05"]
[Round "7.9"]
[White "Huang, Andy"]
[Black "Medrano, Sebastian"]
[Result "1-0"]
[WhiteElo "2263"]
[BlackElo "2086"]
[EventDate "2019.08.01"]
[PlyCount "105"]

1.e4 c6 2.d4 d5 3.exd5 cxd5 4.Bd3 Nc6 5.c3 g6 6.Bf4 Bg7 7.Nf3 Nf6 8.O-O 
O-O 9.Re1 Bf5 10.Bf1 Qb6 11.Qb3 Qxb3 12.axb3 Bxb1 13.Rexb1 Ne4 14.b4 a6 
15.Ra3 f6 16.Rba1 Rae8 17.b5 axb5 18.Bxb5 e5 19.Be3 Re7 20.Bf1 Rc8 21.Rd1 
Rd7 22.Rda1 Nd6 23.dxe5 Nxe5 24.Ra8 Nxf3+ 25.gxf3 Rxa8 26.Rxa8+ Kf7 27.Ra5
Ke6 28.Bf4 f5 29.Ra4 Bf6 30.Rb4 Be5 31.Be3 Rc7 32.Ba7 Rc8 33.Kg2 Rd8 34.
Bc5 Rd7 35.Bd3 Rc7 36.Ba7 Rc8 37.Bc2 Rc4 38.Rb6 Rc6 39.Rb3 d4 40.cxd4 Bxd4
41.Bxd4 Rxc2 42.Bc3 Rc1 43.Rb6 Kd5 44.Rb4 Ra1 45.Rd4+ Ke6 46.Bb4 Ra6 47.
Kf1 Rb6 48.Ke2 Nf7 49.Bc3 Nd6 50.Ke3 Rc6 51.Rb4 Rc4 52.Rb6 Rxc3+ 53.bxc3 
1-0

[Event "44th Pan-American U20"]
[Site "Cochabamba BOL"]
[Date "2019.08.05"]
[Round "7.10"]
[White "Huanca, Edson"]
[Black "Delgado Romero, Marco"]
[Result "0-1"]
[WhiteElo "1948"]
[BlackElo "2236"]
[EventDate "2019.08.01"]
[PlyCount "82"]

1.e4 c5 2.Nc3 g6 3.Nge2 Bg7 4.g3 Nc6 5.Bg2 e5 6.O-O Nge7 7.d3 O-O 8.Be3 d6
9.Qd2 Nd4 10.f4 Be6 11.h3 f5 12.Kh2 Qd7 13.Nd1 Rad8 14.c3 Nxe2 15.Qxe2 b6 
16.Nf2 Nc6 17.exf5 gxf5 18.g4 Ne7 19.g5 exf4 20.Bxf4 Ng6 21.Bd2 Rfe8 22.
Qh5 Bf7 23.h4 Be5+ 24.Kh1 Nf4 25.Qd1 Nxg2 26.Kxg2 Bd5+ 27.Kg1 Bb7 28.Qh5 
Qc6 29.Ne4 fxe4 30.g6 Qd7 31.Bh6 Bg7 32.gxh7+ Kh8 33.Rf8+ Bxf8 34.Rf1 Bxh6
35.Rf7 Be3+ 36.Kh2 Qe6 37.Rxb7 exd3 38.Qf3 d2 39.Qg2 Bf4+ 40.Kh1 d1=Q+ 41.
Qg1 Qe4# 0-1

[Event "44th Pan-American U20"]
[Site "Cochabamba BOL"]
[Date "2019.08.05"]
[Round "7.11"]
[White "Mendoza Criollo, Carlos David"]
[Black "Johnson, Joshua"]
[Result "0-1"]
[WhiteElo "2103"]
[BlackElo "2241"]
[EventDate "2019.08.01"]
[PlyCount "50"]

1.d4 Nf6 2.c4 e6 3.Nc3 Bb4 4.Qc2 O-O 5.a3 Bxc3+ 6.Qxc3 b5 7.cxb5 c6 8.bxc6
Nxc6 9.Bg5 h6 10.Bxf6 Qxf6 11.Nf3 Bb7 12.e3 Rfc8 13.Qd3 Na5 14.Be2 Nc4 15.
b3 Nd6 16.O-O Be4 17.Qa6 Rc6 18.Qa5 Rac8 19.Ne1 Nf5 20.Bf3 d5 21.Qd2 Bc2 
22.Bd1 Bxd1 23.Rxd1 e5 24.dxe5 Qxe5 25.Nf3 Qe4 0-1

[Event "44th Pan-American U20"]
[Site "Cochabamba BOL"]
[Date "2019.08.05"]
[Round "7.12"]
[White "Tello Chavez, Isaac Valent"]
[Black "Guerrero Cataldo, Juan Andres"]
[Result "1-0"]
[WhiteElo "2271"]
[BlackElo "2035"]
[EventDate "2019.08.01"]
[PlyCount "69"]

1.d4 Nf6 2.Bg5 b6 3.Bxf6 exf6 4.e3 Bb7 5.Nf3 f5 6.g3 g6 7.Bg2 Bg7 8.O-O 
O-O 9.c4 d6 10.Nc3 Nd7 11.Qc2 Nf6 12.d5 Re8 13.Nd4 h5 14.b4 h4 15.gxh4 Nh5
16.Nf3 Bf6 17.Rad1 Bxh4 18.Nxh4 Qxh4 19.Rd4 Qf6 20.Ne2 a5 21.Bf3 Ng7 22.b5
Kh7 23.Kg2 Rh8 24.h4 Kg8 25.Rh1 Nh5 26.Bxh5 Rxh5 27.Ng3 Rh6 28.h5 Kg7 29.
hxg6 fxg6 30.Rxh6 Kxh6 31.Rf4 Rh8 32.e4 Qg5 33.Qd2 Kg7 34.exf5 gxf5 35.
Qd4+ 1-0

[Event "44th Pan-American U20"]
[Site "Cochabamba BOL"]
[Date "2019.08.05"]
[Round "7.13"]
[White "Pinto, Daniel"]
[Black "Cari, Nicolas"]
[Result "1-0"]
[WhiteElo "2257"]
[BlackElo "1788"]
[EventDate "2019.08.01"]
[PlyCount "109"]

1.d4 Nf6 2.Nf3 d5 3.g3 g6 4.Bg2 Bg7 5.O-O O-O 6.b3 e6 7.Bb2 c6 8.Nbd2 Nbd7
9.c4 b6 10.Qc2 Bb7 11.e4 Nxe4 12.Nxe4 dxe4 13.Qxe4 Qc7 14.Rad1 c5 15.Qe2 
cxd4 16.Nxd4 Bxg2 17.Kxg2 Qb7+ 18.Qf3 Qxf3+ 19.Kxf3 Ne5+ 20.Ke2 Rfc8 21.
Bc1 a6 22.f4 Nc6 23.Nxc6 Rxc6 24.Be3 Bf8 25.a4 Bc5 26.Bxc5 Rxc5 27.Rd4 
Rac8 28.Rfd1 e5 29.Rd8+ Rxd8 30.Rxd8+ Kg7 31.Rd6 exf4 32.gxf4 Rh5 33.Rxb6 
Rxh2+ 34.Kf3 Rb2 35.b4 Kf8 36.c5 Ke7 37.b5 axb5 38.axb5 f5 39.Rb7+ Kd8 40.
b6 Rb3+ 41.Ke2 h5 42.Rg7 Kc8 43.Rxg6 Kb7 44.Rg7+ Kc6 45.Rc7+ Kd5 46.Kf2 h4
47.Kg2 Rg3+ 48.Kh2 Rb3 49.b7 Ke4 50.c6 Kf3 51.Kh3 Kxf4+ 52.Kxh4 Rb1 53.Kh5
Ke5 54.Rc8 Kf6 55.Rf8+ 1-0

[Event "44th Pan-American U20"]
[Site "Cochabamba BOL"]
[Date "2019.08.05"]
[Round "7.14"]
[White "Mollo, Jhoan"]
[Black "Vera, Pavel"]
[Result "1/2-1/2"]
[WhiteElo "2023"]
[BlackElo "2173"]
[EventDate "2019.08.01"]
[PlyCount "46"]

1.e4 c5 2.Nc3 a6 3.g3 b5 4.Bg2 Bb7 5.d3 e6 6.Nge2 b4 7.Nb1 d5 8.O-O Nf6 9.
Nd2 Be7 10.a3 O-O 11.exd5 Bxd5 12.Nf4 Bxg2 13.Nxg2 Nc6 14.Nc4 Nd5 15.Be3 
Qc7 16.Qf3 Ne5 17.Qe4 Bf6 18.Bf4 Nxf4 19.Qxf4 Qb8 20.axb4 cxb4 21.Ra5 Nxc4
22.Qxb8 Rfxb8 23.dxc4 Bxb2 1/2-1/2